[Event "Oregon Closed Championship"]
[Site "Portland, OR"]
[Date "2018.09.14"]
[Round "1.1"]
[White "Haessler, Carl A"]
[Black "Zavortink, Matt"]
[Result "0-1"]
[WhiteElo "2200"]
[BlackElo "2254"]
[PlyCount "98"]
[EventDate "2018.09.14"]
[EventType "tourn"]
[EventRounds "9"]
[EventCountry "USA"]
[SourceDate "2018.10.18"]

1. d4 d5 2. Bg5 h6 3. Bh4 c6 4. e3 Qb6 5. Qc1 e5 6. Nc3 Nd7 7. Be2 Bd6 8. Nf3
e4 9. Nd2 Ne7 10. f3 exf3 11. Nxf3 Nf5 12. Bf2 Nf6 13. Ne5 Bxe5 14. dxe5 Ne4
15. Nxe4 dxe4 16. O-O Qc5 17. c4 Qxe5 18. g4 Ne7 19. Bg3 Qg5 20. Rf4 f5 21. h4
Qf6 22. gxf5 Bxf5 23. Qd2 O-O 24. Raf1 b6 25. Bg4 Qg6 26. h5 Qg5 27. Qf2 g6 28.
Bh4 Qxg4+ 29. Rxg4 Bxg4 30. Qg2 Rxf1+ 31. Qxf1 Nf5 32. hxg6 Rf8 33. Qf4 Bh5 34.
Qxe4 Bxg6 35. Qe6+ Kg7 36. Be1 h5 37. Bc3+ Kh6 38. Qe5 Rf7 39. Qf4+ Kh7 40. Qb8
Kh6 41. e4 Ne3 42. e5 Rf1+ 43. Kh2 Be4 44. Qh8+ Kg5 45. Qg7+ Kf5 46. Qh7+ Kf4
47. Qf7+ Kg4 48. Qg7+ Kf3 49. Qf7+ Bf5 0-1

[Event "Oregon Closed Championship"]
[Site "Portland, OR"]
[Date "2018.09.14"]
[Round "1.2"]
[White "McCoy, Owen"]
[Black "Russell, Corey John"]
[Result "1-0"]
[WhiteElo "2203"]
[BlackElo "2225"]
[PlyCount "69"]
[EventDate "2018.09.14"]
[EventType "tourn"]
[EventRounds "9"]
[EventCountry "USA"]
[SourceDate "2018.10.18"]

1. e4 e6 2. d3 d5 3. Qe2 dxe4 4. dxe4 Nc6 5. Nf3 e5 6. c3 Nf6 7. Nbd2 Bd6 8.
Nc4 O-O 9. Qc2 h6 10. Ne3 Be6 11. Be2 Ng4 12. Nc4 Bc5 13. O-O b5 14. Ncd2 a6
15. b4 Bxf2+ 16. Rxf2 Nxf2 17. Kxf2 f5 18. Bb2 g5 19. Kg1 g4 20. Ne1 Qg5 21.
Nf1 f4 22. Kh1 Rad8 23. a4 Ne7 24. axb5 axb5 25. Bxb5 h5 26. Bd3 h4 27. Bc1 Qh5
28. Ra7 Ra8 29. Rxc7 Ra2 30. Bb2 Qf7 31. c4 h3 32. Qc3 hxg2+ 33. Nxg2 f3 34.
Nge3 Qf6 35. Bb1 1-0

[Event "Oregon Closed Championship"]
[Site "Portland, OR"]
[Date "2018.09.14"]
[Round "1.3"]
[White "Bjorksten, Lennart"]
[Black "Janniro, Mike E"]
[Result "1-0"]
[WhiteElo "2169"]
[BlackElo "2040"]
[PlyCount "43"]
[EventDate "2018.09.14"]
[EventType "tourn"]
[EventRounds "9"]
[EventCountry "USA"]
[SourceDate "2018.10.18"]

1. d4 e6 2. Nf3 d5 3. Bf4 Bd6 4. Bg3 Nf6 5. e3 O-O 6. Bd3 c5 7. c3 b6 8. Nbd2
Ba6 9. Bxa6 Nxa6 10. Qe2 Nc7 11. Ne5 Nfe8 12. Rd1 f6 13. Nd3 Qe7 14. e4 cxd4
15. cxd4 Bxg3 16. hxg3 Nd6 17. Nf4 g5 18. e5 gxf4 19. exd6 Qxd6 20. Qg4+ Kh8
21. Rxh7+ Kxh7 22. Ke2 1-0

[Event "Oregon Closed Championship"]
[Site "Portland, OR"]
[Date "2018.09.14"]
[Round "1.4"]
[White "Cigan, Jason D"]
[Black "Grabinsky, Joshua"]
[Result "1-0"]
[WhiteElo "2220"]
[BlackElo "2214"]
[PlyCount "155"]
[EventDate "2018.09.14"]
[EventType "tourn"]
[EventRounds "9"]
[EventCountry "USA"]
[SourceDate "2018.10.18"]

1. e4 e6 2. d4 d5 3. Nc3 Bb4 4. e5 c5 5. a3 Bxc3+ 6. bxc3 Qc7 7. Qg4 f5 8. Qg3
Nc6 9. Nf3 cxd4 10. cxd4 Nge7 11. Be2 O-O 12. O-O Bd7 13. Bh6 Ng6 14. Bd2 Be8
15. a4 Nge7 16. c3 b6 17. Ng5 Qd7 18. h4 h6 19. Nh3 Kh7 20. h5 Na5 21. Rfb1 Nc4
22. Bc1 Rc8 23. Nf4 Bf7 24. Bd3 Kh8 25. Qh4 Nc6 26. Kh2 Qd8 27. Qh3 Qc7 28.
Bxc4 dxc4 29. Ba3 Rg8 30. Rg1 Ne7 31. a5 b5 32. Bd6 Qd7 33. a6 Nd5 34. Nxd5
exd5 35. f3 g5 36. hxg6 Rxg6 37. Ra5 Rcg8 38. g3 Be8 39. Qh4 R8g7 40. Qf4 Kh7
41. Rg2 Qe6 42. Kg1 Rg5 43. Kf2 Rh5 44. Ra1 Bd7 45. Bc5 Bc8 46. Qc1 Rhg5 47. f4
R5g6 48. Bd6 Qg8 49. Qe3 Qe8 50. Qd2 Rg4 51. Rh1 Qg6 52. Qe3 Kg8 53. Rh3 h5 54.
Qf3 Be6 55. Rgh2 Rh7 56. Qh1 Bf7 57. Qf3 Qe6 58. Qd1 Rhg7 59. Qh1 Rh7 60. Qa1
Qc8 61. Be7 Qc7 62. Qa3 Bg6 63. Bg5 Qb6 64. Rh1 Rd7 65. Re1 Kg7 66. e6 Rd6 67.
e7 Be8 68. Re5 Qxa6 69. Qxa6 Rxa6 70. Rxf5 Rc6 71. Rf8 Rc8 72. Rxh5 b4 73. cxb4
c3 74. Rh1 c2 75. Rc1 Rc3 76. Rxe8 Rcxg3 77. Rg8+ Kh7 78. Rh1+ 1-0

[Event "Oregon Closed Championship"]
[Site "Portland, OR"]
[Date "2018.09.14"]
[Round "1.5"]
[White "Peng, Shunkai"]
[Black "Zhang, Gavin"]
[Result "1-0"]
[WhiteElo "2352"]
[BlackElo "2015"]
[PlyCount "81"]
[EventDate "2018.09.14"]
[EventType "tourn"]
[EventRounds "9"]
[EventCountry "USA"]
[SourceDate "2018.10.18"]

1. e4 c5 2. Nf3 e6 3. b3 Nc6 4. Bb2 d6 5. d4 cxd4 6. Nxd4 Nf6 7. Nxc6 bxc6 8.
e5 Nd5 9. c4 Nc7 10. exd6 Bxd6 11. Bxg7 Rg8 12. Bc3 c5 13. Be2 Rb8 14. Bf3 e5
15. Bc6+ Ke7 16. Ba5 Bd7 17. Qf3 f5 18. Bxd7 Qxd7 19. Nc3 e4 20. Qh3 Be5 21.
Rd1 Qc8 22. O-O Ne6 23. Nd5+ Ke8 24. Bc3 Nd4 25. Qh5+ Kf8 26. Qh6+ Rg7 27. Bxd4
cxd4 28. f4 exf3 29. Rxf3 f4 30. Re1 Qg4 31. Nxf4 Qxf3 32. Ng6+ Kg8 33. gxf3
Rxg6+ 34. Qxg6+ hxg6 35. Rxe5 Rd8 36. Rd5 Rxd5 37. cxd5 Kf7 38. Kf2 Ke7 39. Ke2
Kd6 40. Kd3 Kxd5 41. f4 1-0

[Event "Oregon Closed Championship"]
[Site "Portland, OR"]
[Date "2018.09.15"]
[Round "2.1"]
[White "Zavortink, Matt"]
[Black "Peng, Shunkai"]
[Result "1/2-1/2"]
[WhiteElo "2254"]
[BlackElo "2352"]
[PlyCount "86"]
[EventDate "2018.09.14"]
[EventType "tourn"]
[EventRounds "9"]
[EventCountry "USA"]
[SourceDate "2018.10.18"]

1. Nf3 d5 2. g3 Nf6 3. Bg2 e6 4. O-O Be7 5. c4 O-O 6. d4 dxc4 7. Qc2 a6 8. a4
Bd7 9. Qxc4 Bc6 10. Bf4 Bd6 11. Qc1 a5 12. Nc3 Na6 13. Bd2 Nb4 14. Qb1 Bxf3 15.
Bxf3 c6 16. e4 e5 17. Be3 Qe7 18. dxe5 Bxe5 19. Qd1 Rfd8 20. Qb3 Nd3 21. Rab1
Rd7 22. Rfd1 Nb4 23. Be2 Rad8 24. Qc4 Rxd1+ 25. Rxd1 Rxd1+ 26. Bxd1 Qd7 27. Be2
h6 28. f4 Nc2 29. Bc1 Bd4+ 30. Kh1 Ng4 31. Nd1 Nce3 32. Bxe3 Bxe3 33. Kg2 Ba7
34. Qd3 Qxd3 35. Bxd3 Kf8 36. e5 Ke7 37. h3 Ne3+ 38. Nxe3 Bxe3 39. Kf3 Bd4 40.
b3 f6 41. Ke4 Bc3 42. Kf5 fxe5 43. fxe5 Bd4 1/2-1/2

[Event "Oregon Closed Championship"]
[Site "Portland, OR"]
[Date "2018.09.15"]
[Round "2.2"]
[White "Zhang, Gavin"]
[Black "Cigan, Jason D"]
[Result "1-0"]
[WhiteElo "2015"]
[BlackElo "2220"]
[PlyCount "89"]
[EventDate "2018.09.14"]
[EventType "tourn"]
[EventRounds "9"]
[EventCountry "USA"]
[SourceDate "2018.10.18"]

1. d4 Nf6 2. Nf3 e6 3. g3 c5 4. c4 cxd4 5. Nxd4 Qc7 6. b3 e5 7. Nf3 d5 8. cxd5
Bf5 9. Bb2 Bb4+ 10. Nbd2 Ne4 11. Bg2 Nd7 12. O-O O-O 13. Nc4 Bc3 14. Nh4 Bxb2
15. Nxf5 Bxa1 16. Bxe4 Nf6 17. d6 Qd7 18. Qxa1 Nxe4 19. Qxe5 Nf6 20. Nxg7 Ng4
21. Qg5 f6 22. Qd5+ Kxg7 23. Na5 Rfd8 24. Nxb7 Re8 25. Rc1 Rac8 26. Nc5 Re5 27.
Qd4 Qf5 28. d7 Rd8 29. h3 Nxf2 30. Qxf2 Qxh3 31. Rf1 Kg8 32. b4 a5 33. a3 axb4
34. axb4 Rf8 35. Rd1 Rd8 36. Rd3 Rf5 37. Qg2 Qh6 38. e3 Re5 39. Qa2+ Kh8 40.
Qa5 Qf8 41. Qxd8 Qxd8 42. Nb7 Rxe3 43. Nxd8 Rxd3 44. Nf7+ Kg7 45. d8=Q 1-0

[Event "Oregon Closed Championship"]
[Site "Portland, OR"]
[Date "2018.09.15"]
[Round "2.3"]
[White "Grabinsky, Joshua"]
[Black "Bjorksten, Lennart"]
[Result "1-0"]
[WhiteElo "2214"]
[BlackElo "2169"]
[PlyCount "195"]
[EventDate "2018.09.14"]
[EventType "tourn"]
[EventRounds "9"]
[EventCountry "USA"]
[SourceDate "2018.10.18"]

1. b3 d5 2. Bb2 Nc6 3. Nf3 Bg4 4. d4 e6 5. e3 Nf6 6. Nbd2 Bb4 7. c3 Be7 8. Bd3
e5 9. Be2 exd4 10. cxd4 O-O 11. Ne5 Nxe5 12. dxe5 Bxe2 13. Qxe2 Ne4 14. Nxe4
dxe4 15. Qc4 a5 16. Rd1 Bb4+ 17. Ke2 Qh4 18. h3 Rfd8 19. a3 Bf8 20. g4 Rxd1 21.
Rxd1 Qxh3 22. Qxe4 h5 23. e6 Qxg4+ 24. Qxg4 hxg4 25. exf7+ Kxf7 26. Rd7+ Ke6
27. Rxc7 b5 28. Rb7 Rc8 29. Kd3 Rd8+ 30. Bd4 Rd5 31. a4 bxa4 32. bxa4 Rf5 33.
e4 Rf3+ 34. Kc4 g3 35. fxg3 Rxg3 36. Ra7 Rg4 37. Ra6+ Kd7 38. Kd5 Rg5+ 39. e5
Bb4 40. Be3 Rg4 41. Ra8 Kc7 42. e6 Kb7 43. Ra7+ Kc8 44. e7 Bxe7 45. Rxe7 Kd8
46. Ra7 Rxa4 47. Bd4 g5 48. Rg7 Rb4 49. Rxg5 a4 50. Bc5 Rh4 51. Kc6 Ke8 52. Rg7
Re4 53. Kd5 Re1 54. Bd6 Re2 55. Be5 Kf8 56. Ra7 Rf2 57. Ke6 Kg8 58. Rg7+ Kf8
59. Rh7 Ke8 60. Ra7 Rd2 61. Rxa4 Rd7 62. Ra8+ Rd8 63. Ra7 Rd2 64. Rf7 Re2 65.
Re7+ Kd8 66. Rb7 Rc2 67. Rb1 Rc6+ 68. Bd6 Rc2 69. Rh1 Kc8 70. Rh8+ Kb7 71. Rb8+
Ka7 72. Rb3 Ka6 73. Kd5 Rc1 74. Bc5 Rh1 75. Kc6 Rh6+ 76. Bd6 Rh5 77. Rg3 Rb5
78. Bc5 Rb6+ 79. Kd5 Rh6 80. Rg7 Kb5 81. Bd4 Rh5+ 82. Be5 Rh6 83. Rg8 Rb6 84.
Bd6 Rc6 85. Rg1 Rc2 86. Rb1+ Ka4 87. Bc5 Rh2 88. Bd4 Rh5+ 89. Kc4 Rh3 90. Bf6
Ka5 91. Bd4 Ka4 92. Bf2 Ka3 93. Rb5 Ka2 94. Be1 Re3 95. Bc3 Re8 96. Ra5+ Kb1
97. Kd3 Rd8+ 98. Bd4 1-0

[Event "Oregon Closed Championship"]
[Site "Portland, OR"]
[Date "2018.09.15"]
[Round "2.4"]
[White "Janniro, Mike E"]
[Black "McCoy, Owen"]
[Result "0-1"]
[WhiteElo "2040"]
[BlackElo "2203"]
[PlyCount "82"]
[EventDate "2018.09.14"]
[EventType "tourn"]
[EventRounds "9"]
[EventCountry "USA"]
[SourceDate "2018.10.18"]

1. c4 Nf6 2. Nc3 g6 3. g3 Bg7 4. Bg2 O-O 5. d3 d6 6. e4 c5 7. f4 Nc6 8. Nf3 Ne8
9. O-O f5 10. Be3 Nd4 11. Rb1 Nc7 12. Qd2 Nce6 13. Ne2 a5 14. Nexd4 cxd4 15.
Bf2 Qb6 16. exf5 gxf5 17. Rfe1 Bf6 18. Re2 Nd8 19. b4 axb4 20. Rxb4 Qa7 21. Qb2
Nc6 22. Rb6 e5 23. fxe5 dxe5 24. c5 Qa3 25. Qxa3 Rxa3 26. Ne1 Nd8 27. Bd5+ Kg7
28. Kg2 Ra5 29. Rc2 Be7 30. Nf3 Rxc5 31. Rxc5 Bxc5 32. Rb5 Bd6 33. Nxd4 exd4
34. Bxd4+ Kg6 35. Rb6 Nc6 36. Bc3 Rd8 37. Bc4 Bc5 38. Rb1 Re8 39. h4 Re2+ 40.
Kf1 Rc2 41. Be1 f4 0-1

[Event "Oregon Closed Championship"]
[Site "Portland, OR"]
[Date "2018.09.15"]
[Round "2.5"]
[White "Russell, Corey John"]
[Black "Haessler, Carl A"]
[Result "1-0"]
[WhiteElo "2225"]
[BlackElo "2200"]
[PlyCount "97"]
[EventDate "2018.09.14"]
[EventType "tourn"]
[EventRounds "9"]
[EventCountry "USA"]
[SourceDate "2018.10.18"]

1. Nf3 c5 2. c4 Nc6 3. Nc3 g6 4. e3 Bg7 5. d4 d6 6. d5 Bxc3+ 7. bxc3 Ne5 8.
Nxe5 dxe5 9. e4 Nf6 10. Bd3 O-O 11. Bh6 Re8 12. h3 Qa5 13. Qd2 Bd7 14. Rc1 Rac8
15. f4 Qc7 16. g4 b5 17. cxb5 c4 18. Bb1 Bxb5 19. f5 Rb8 20. O-O Nd7 21. fxg6
hxg6 22. Qf2 f6 23. Be3 Kg7 24. Bc2 Rh8 25. h4 Nb6 26. Rcd1 Nc8 27. g5 Qd8 28.
d6 exd6 29. gxf6+ Kf7 30. Rd2 Qa5 31. Qg3 Bc6 32. Rg2 Rg8 33. Bh6 g5 34. hxg5
Rg6 35. Qe3 Rb2 36. Bd1 Qb6 37. Qxb6 Rxg2+ 38. Kxg2 Bxe4+ 39. Bf3 Bxf3+ 40.
Kxf3 Nxb6 41. Ke4 Na4 42. Rf3 Nc5+ 43. Kf5 e4 44. Rf1 d5 45. Rb1 e3 46. Rb8
Rxh6 47. gxh6 e2 48. h7 e1=Q 49. h8=N# 1-0

[Event "Oregon Closed Championship"]
[Site "Portland, OR"]
[Date "2018.09.15"]
[Round "3.1"]
[White "Russell, Corey John"]
[Black "Zavortink, Matt"]
[Result "1/2-1/2"]
[WhiteElo "2225"]
[BlackElo "2254"]
[PlyCount "47"]
[EventDate "2018.09.14"]
[EventType "tourn"]
[EventRounds "9"]
[EventCountry "USA"]
[SourceDate "2018.10.18"]

1. Nf3 d5 2. c4 e6 3. d4 Nf6 4. g3 Bb4+ 5. Bd2 Bd6 6. Nc3 O-O 7. Bg2 c6 8. O-O
Nbd7 9. e4 Nxe4 10. Nxe4 dxe4 11. Ng5 e5 12. Nxe4 Qc7 13. Nxd6 Qxd6 14. Bc3
exd4 15. Qxd4 Qxd4 16. Bxd4 Nb6 17. b3 Be6 18. Bf3 Rad8 19. Rfd1 f6 20. a4 Nc8
21. a5 a6 22. Be3 Kf7 23. Bf4 Rfe8 24. h4 1/2-1/2

[Event "Oregon Closed Championship"]
[Site "Portland, OR"]
[Date "2018.09.15"]
[Round "3.2"]
[White "Haessler, Carl A"]
[Black "Janniro, Mike E"]
[Result "1-0"]
[WhiteElo "2200"]
[BlackElo "2040"]
[PlyCount "93"]
[EventDate "2018.09.14"]
[EventType "tourn"]
[EventRounds "9"]
[EventCountry "USA"]
[SourceDate "2018.10.18"]

1. c4 e5 2. g3 Nc6 3. Bg2 g6 4. e4 Bg7 5. Ne2 Nge7 6. O-O O-O 7. f4 d6 8. d3 f5
9. Nbc3 Nd4 10. Rb1 c6 11. h3 Be6 12. b3 Qd7 13. Kh2 Rae8 14. Nxd4 exd4 15. Ne2
b6 16. Bb2 c5 17. Ng1 Qc7 18. Nf3 Bc8 19. Qd2 Bb7 20. Rbe1 Nc6 21. exf5 Rxe1
22. Rxe1 Rxf5 23. Ng5 Nd8 24. Bxb7 Qxb7 25. Re8+ Rf8 26. Qe2 Bf6 27. Ne4 Be7
28. Rxf8+ Kxf8 29. Qg4 b5 30. f5 Nf7 31. f6 Bd8 32. Qe6 bxc4 33. Bc1 Bxf6 34.
Qxf6 Qe7 35. Qxe7+ Kxe7 36. dxc4 Ke6 37. Bf4 g5 38. Nxg5+ Nxg5 39. Bxg5 Kf5 40.
Bh6 Ke4 41. Kg2 Kd3 42. Kf2 Kc2 43. Ke1 Kb2 44. Kd2 Kxa2 45. Kc2 a6 46. g4 Ka3
47. Bd2 1-0

[Event "Oregon Closed Championship"]
[Site "Portland, OR"]
[Date "2018.09.15"]
[Round "3.3"]
[White "McCoy, Owen"]
[Black "Grabinsky, Joshua"]
[Result "1-0"]
[WhiteElo "2203"]
[BlackElo "2214"]
[PlyCount "113"]
[EventDate "2018.09.14"]
[EventType "tourn"]
[EventRounds "9"]
[EventCountry "USA"]
[SourceDate "2018.10.18"]

1. Nf3 e6 2. d4 Nf6 3. e3 d5 4. Bd3 c5 5. c3 Nc6 6. O-O Qc7 7. Nbd2 Bd7 8. Qe2
cxd4 9. exd4 Bd6 10. b3 h6 11. Bb2 O-O 12. Rae1 Ng4 13. h3 Nh2 14. Nxh2 Bxh2+
15. Kh1 Bd6 16. Nf3 f5 17. c4 Rae8 18. a3 a5 19. c5 Be7 20. Bc3 Bf6 21. b4 axb4
22. axb4 g5 23. b5 Ne7 24. Qd2 Ng6 25. Rc1 Rc8 26. Rfe1 Kg7 27. Ba5 Qf4 28. Qb2
Qb8 29. Ne5 Nxe5 30. dxe5 Bd8 31. Bb4 Rf7 32. Qd4 Be7 33. Ra1 Qc7 34. Rec1 Rb8
35. Ra7 Be8 36. Qa1 Qc8 37. Qa3 Qc7 38. Qa1 Qc8 39. Bd2 Bd8 40. Be3 Rc7 41. Bd4
Kg8 42. Rc2 h5 43. f3 h4 44. Rc3 Qd7 45. b6 Rcc8 46. c6 Rxc6 47. Bb5 Qc8 48.
Bxc6 Bxc6 49. Rca3 Be7 50. Ra2 Kf7 51. Ra8 Rxa8 52. Rxa8 Qd7 53. f4 Bf8 54. Qd1
Qe7 55. Rc8 Kg6 56. Qb3 gxf4 57. Rxc6 1-0

[Event "Oregon Closed Championship"]
[Site "Portland, OR"]
[Date "2018.09.15"]
[Round "3.4"]
[White "Bjorksten, Lennart"]
[Black "Zhang, Gavin"]
[Result "1-0"]
[WhiteElo "2169"]
[BlackElo "2015"]
[PlyCount "65"]
[EventDate "2018.09.14"]
[EventType "tourn"]
[EventRounds "9"]
[EventCountry "USA"]
[SourceDate "2018.10.18"]

1. d4 Nf6 2. Nf3 e6 3. Bf4 b6 4. e3 Bb7 5. Bd3 Be7 6. Nc3 Nh5 7. Bg3 c5 8. e4
cxd4 9. Nxd4 Nxg3 10. hxg3 d6 11. Bb5+ Nd7 12. Qg4 g6 13. O-O-O a6 14. Ba4 b5
15. Bb3 Nf6 16. Qe2 Qc7 17. Bxe6 fxe6 18. Nxe6 Qd7 19. Nd5 Rc8 20. Nef4 Rc5 21.
Nxe7 Qxe7 22. Nxg6 Qe6 23. Nxh8 Qxa2 24. f3 Qa1+ 25. Kd2 Qxb2 26. Qd3 Qe5 27.
Ke2 Qxg3 28. Kf1 Ke7 29. e5 Qxe5 30. Re1 Ne4 31. Rxh7+ Ke8 32. Rxb7 Ng3+ 33.
Kf2 1-0

[Event "Oregon Closed Championship"]
[Site "Portland, OR"]
[Date "2018.09.15"]
[Round "3.5"]
[White "Cigan, Jason D"]
[Black "Peng, Shunkai"]
[Result "1/2-1/2"]
[WhiteElo "2220"]
[BlackElo "2352"]
[PlyCount "76"]
[EventDate "2018.09.14"]
[EventType "tourn"]
[EventRounds "9"]
[EventCountry "USA"]
[SourceDate "2018.10.18"]

1. e4 c5 2. Nf3 d6 3. d4 cxd4 4. Nxd4 Nf6 5. Nc3 a6 6. f3 e5 7. Nb3 Be6 8. Be3
h5 9. Nd5 Nxd5 10. exd5 Bf5 11. Bd3 Bxd3 12. Qxd3 Be7 13. O-O-O Bg5 14. Kb1
Bxe3 15. Qxe3 O-O 16. g4 hxg4 17. fxg4 Nd7 18. g5 Rc8 19. h4 Rc4 20. Nd2 Rf4
21. Ne4 Qc7 22. h5 Rc8 23. c3 Nc5 24. Nxc5 Qxc5 25. Qh3 Qc4 26. Ka1 Rd8 27. g6
Qc8 28. gxf7+ Kxf7 29. Qe3 Rh8 30. Rdg1 Rh6 31. Qg3 Qf8 32. Qg5 Rff6 33. a3 Kg8
34. Ka2 Kh8 35. Rh2 Rf5 36. Qg4 Rf4 37. Qg5 Rf5 38. Qg4 Rf4 1/2-1/2

[Event "Oregon Closed Championship"]
[Site "Portland, OR"]
[Date "2018.09.16"]
[Round "4.1"]
[White "Zavortink, Matt"]
[Black "Cigan, Jason D"]
[Result "1-0"]
[WhiteElo "2254"]
[BlackElo "2220"]
[PlyCount "87"]
[EventDate "2018.09.14"]
[EventType "tourn"]
[EventRounds "9"]
[EventCountry "USA"]
[SourceDate "2018.10.18"]

1. Nf3 c5 2. c4 Nf6 3. Nc3 d5 4. cxd5 Nxd5 5. e4 Nb4 6. Bb5+ N8c6 7. d4 cxd4 8.
a3 dxc3 9. Qxd8+ Kxd8 10. axb4 cxb2 11. Bxb2 e6 12. O-O Bd7 13. Rfd1 Ke8 14.
Ra3 f6 15. Rad3 Rd8 16. Bxc6 bxc6 17. e5 f5 18. Bd4 Bc8 19. Bc5 Rxd3 20. Rxd3
Bxc5 21. bxc5 Ke7 22. Ra3 a6 23. Nd4 Bb7 24. Rb3 Ba8 25. f4 Rd8 26. Nf3 Rd7 27.
Kf2 Bb7 28. Ke3 Bc8 29. Nd4 Rc7 30. Rb6 Kd7 31. Nb3 Bb7 32. Na5 Ba8 33. Rxa6
Bb7 34. Ra7 Kc8 35. Nc4 Kb8 36. Ra3 Rd7 37. Nd6 h6 38. Kd4 g6 39. Rh3 Rh7 40.
Ra3 g5 41. g4 fxg4 42. f5 exf5 43. e6 f4 44. Rb3 1-0

[Event "Oregon Closed Championship"]
[Site "Portland, OR"]
[Date "2018.09.16"]
[Round "4.2"]
[White "Peng, Shunkai"]
[Black "Bjorksten, Lennart"]
[Result "1-0"]
[WhiteElo "2352"]
[BlackElo "2169"]
[PlyCount "83"]
[EventDate "2018.09.14"]
[EventType "tourn"]
[EventRounds "9"]
[EventCountry "USA"]
[SourceDate "2018.10.18"]

1. e4 c6 2. d3 d5 3. Nd2 e5 4. Ngf3 Bg4 5. h3 Bxf3 6. Qxf3 Nf6 7. g3 Bc5 8. Bg2
O-O 9. O-O Re8 10. Qe2 Nbd7 11. Nf3 Qb6 12. a3 a5 13. b3 Rad8 14. Bb2 a4 15. b4
dxe4 16. dxe4 Bd6 17. Nd2 Qc7 18. Rad1 Nf8 19. Nc4 b5 20. Nxd6 Rxd6 21. c4 Rxd1
22. Rxd1 Ne6 23. Qc2 Qb8 24. cxb5 cxb5 25. Qc6 Re7 26. Qd6 Qxd6 27. Rxd6 Nc7
28. Rd8+ Nfe8 29. Bf1 f6 30. Bc1 Kf7 31. Be3 Ke6 32. h4 g6 33. Bc5 Rg7 34. Rb8
f5 35. Rb6+ Kd7 36. h5 Kd8 37. Bh3 Rf7 38. hxg6 hxg6 39. Rxg6 Rf6 40. Rxf6 Nxf6
41. Bxf5 Na6 42. Bd6 1-0

[Event "Oregon Closed Championship"]
[Site "Portland, OR"]
[Date "2018.09.16"]
[Round "4.3"]
[White "Zhang, Gavin"]
[Black "McCoy, Owen"]
[Result "0-1"]
[WhiteElo "2015"]
[BlackElo "2203"]
[PlyCount "70"]
[EventDate "2018.09.14"]
[EventType "tourn"]
[EventRounds "9"]
[EventCountry "USA"]
[SourceDate "2018.10.18"]

1. d4 Nf6 2. Nf3 e6 3. g3 d5 4. Bg2 b5 5. O-O Nbd7 6. Nbd2 Bb7 7. c3 c5 8. Re1
Qb6 9. b3 a5 10. Bb2 Bd6 11. e4 dxe4 12. Ng5 e3 13. fxe3 Bxg2 14. Kxg2 h6 15.
Ngf3 Be7 16. e4 cxd4 17. cxd4 O-O 18. Rc1 Qb7 19. Qe2 Rfe8 20. Qd3 Nf8 21. Rcd1
Red8 22. Nb1 Ng6 23. Nc3 Rab8 24. Qe3 Bf8 25. h3 a4 26. d5 a3 27. Ba1 exd5 28.
e5 Ne4 29. Nxe4 dxe4 30. Qxe4 Qxe4 31. Rxd8 Qc2+ 32. Rd2 Qc6 33. Red1 Rc8 34.
Rd3 Be7 35. Kh2 Qe4 0-1

[Event "Oregon Closed Championship"]
[Site "Portland, OR"]
[Date "2018.09.16"]
[Round "4.5"]
[White "Janniro, Mike E"]
[Black "Russell, Corey John"]
[Result "1/2-1/2"]
[WhiteElo "2040"]
[BlackElo "2225"]
[PlyCount "67"]
[EventDate "2018.09.14"]
[EventType "tourn"]
[EventRounds "9"]
[EventCountry "USA"]
[SourceDate "2018.10.18"]

1. c4 e5 2. g3 Nf6 3. Bg2 d5 4. cxd5 Nxd5 5. Nc3 Nb6 6. Nf3 Nc6 7. d3 Be7 8.
O-O O-O 9. a3 Be6 10. b4 a6 11. Bb2 f5 12. Rc1 Bf6 13. Na4 Nxa4 14. Qxa4 Qd6
15. Qc2 Bd5 16. Nd2 Bxg2 17. Kxg2 Rf7 18. Nb3 Re8 19. Qc4 Nd4 20. Bxd4 exd4 21.
Rfe1 c6 22. Rc2 Kf8 23. Qc5 Qxc5 24. Rxc5 g6 25. Kf3 Rfe7 26. Rc4 Kf7 27. h4 h5
28. Nc5 Ra8 29. Nb3 Rd8 30. Rec1 Be5 31. R1c2 Red7 32. Nc5 Re7 33. Nb3 Red7 34.
Nc5 1/2-1/2

[Event "Oregon Closed Championship"]
[Site "Portland, OR"]
[Date "2018.09.16"]
[Round "5.1"]
[White "Janniro, Mike E"]
[Black "Zavortink, Matt"]
[Result "0-1"]
[WhiteElo "2040"]
[BlackElo "2254"]
[PlyCount "70"]
[EventDate "2018.09.14"]
[EventType "tourn"]
[EventRounds "9"]
[EventCountry "USA"]
[SourceDate "2018.10.18"]

1. c4 e6 2. d4 d5 3. Nc3 Nf6 4. Nf3 c5 5. Bg5 cxd4 6. Nxd4 e5 7. Nc2 d4 8. Nd5
Nc6 9. Bxf6 gxf6 10. g3 Be6 11. Bg2 Qa5+ 12. Kf1 Bg7 13. b4 Qd8 14. e3 dxe3 15.
Ndxe3 Qc8 16. Rc1 O-O 17. Qh5 Ne7 18. Bd5 f5 19. f4 Rd8 20. Rd1 Nxd5 21. cxd5
Bxd5 22. Rg1 Be4 23. Rxd8+ Qxd8 24. Kf2 Qc7 25. Ne1 exf4 26. gxf4 Qxf4+ 27. Ke2
Re8 28. Qh3 Qe5 29. Rg5 Qf6 30. Qh4 f4 31. Ng4 Bg6+ 32. Kf1 Qe7 33. Ng2 Qe2+
34. Kg1 Qd1+ 35. Kf2 Bd4+ 0-1

[Event "Oregon Closed Championship"]
[Site "Portland, OR"]
[Date "2018.09.16"]
[Round "5.2"]
[White "Russell, Corey John"]
[Black "Grabinsky, Joshua"]
[Result "1/2-1/2"]
[WhiteElo "2225"]
[BlackElo "2214"]
[PlyCount "95"]
[EventDate "2018.09.14"]
[EventType "tourn"]
[EventRounds "9"]
[EventCountry "USA"]
[SourceDate "2018.10.18"]

1. Nf3 e6 2. d4 Nf6 3. g3 d5 4. c4 Be7 5. Bg2 O-O 6. O-O dxc4 7. Ne5 Nc6 8.
Bxc6 bxc6 9. Nxc6 Qe8 10. Nxe7+ Qxe7 11. Na3 c5 12. Nxc4 Rd8 13. Qa4 cxd4 14.
Nb6 Bd7 15. Nxd7 Qxd7 16. Qxd7 Rxd7 17. Bd2 Rc8 18. Rfc1 Rdc7 19. Rxc7 Rxc7 20.
Rc1 Rxc1+ 21. Bxc1 e5 22. Bd2 Nd5 23. e3 dxe3 24. fxe3 e4 25. Kf2 f5 26. Ke2
Kf7 27. b3 Ke6 28. a3 g5 29. h4 h6 30. hxg5 hxg5 31. Kf2 a6 32. Ke2 Kd6 33. Kf2
Nc7 34. g4 Ke6 35. gxf5+ Kxf5 36. a4 Nd5 37. b4 Nb6 38. b5 axb5 39. axb5 Ke6
40. Bc3 Kd5 41. Bd4 Nc4 42. b6 Nd6 43. Bf6 Kc6 44. Bxg5 Kxb6 45. Kg3 Nf5+ 46.
Kf4 Nxe3 47. Kxe3 Kc6 48. Kxe4 1/2-1/2

[Event "Oregon Closed Championship"]
[Site "Portland, OR"]
[Date "2018.09.16"]
[Round "5.3"]
[White "Haessler, Carl A"]
[Black "Zhang, Gavin"]
[Result "1/2-1/2"]
[WhiteElo "2200"]
[BlackElo "2014"]
[PlyCount "122"]
[EventDate "2018.09.14"]
[EventType "tourn"]
[EventRounds "9"]
[EventCountry "USA"]
[SourceDate "2018.10.18"]

1. e4 c5 2. Nf3 e6 3. d3 Nc6 4. g3 d6 5. Bg2 g6 6. O-O Bg7 7. Nc3 Nge7 8. Nh4
O-O 9. f4 f5 10. Be3 a6 11. Qd2 Bd7 12. Rae1 Nd4 13. Nd1 Qc7 14. c3 Ndc6 15. e5
dxe5 16. Bxc5 Rf7 17. fxe5 Nxe5 18. d4 Ng4 19. c4 Nc6 20. d5 Nce5 21. Bd4 Nxc4
22. Qc3 e5 23. b3 Bb5 24. Bf2 Nd6 25. Qxc7 Rxc7 26. Bb6 Rc2 27. h3 Bxf1 28.
Bxf1 Nh6 29. Ne3 Rcc8 30. g4 f4 31. Nc4 Nhf7 32. Nf3 e4 33. Nxd6 Nxd6 34. Ng5
Bc3 35. Rxe4 Nxe4 36. Nxe4 Be5 37. Bc4 Kg7 38. Kg2 Bc7 39. Bd4+ Kf8 40. d6 Bd8
41. g5 Ba5 42. Kf3 Bb4 43. Bd5 Rd8 44. Be5 Re8 45. Kxf4 Ba3 46. Nf6 Rxe5 47.
Kxe5 Rd8 48. Ne4 b6 49. Be6 a5 50. Bg4 Kf7 51. d7 Ke7 52. Kd5 Rxd7+ 53. Bxd7
Kxd7 54. Nf6+ Ke7 55. Nxh7 b5 56. Nf6 a4 57. Ng4 axb3 58. axb3 Kf7 59. Ne5+ Kg7
60. Kc6 Be7 61. h4 b4 1/2-1/2